A sociolinguistic study of Wakhi language of Northern Pakistan (Record no. 24818)
[ view plain ]
| 000 -LEADER | |
|---|---|
| fixed length control field | 00781nam a22001577a 4500 |
| 003 - CONTROL NUMBER IDENTIFIER | |
| control field | NUST |
| 005 - DATE AND TIME OF LATEST TRANSACTION | |
| control field | 20170517160438.0 |
| 008 - FIXED-LENGTH DATA ELEMENTS--GENERAL INFORMATION | |
| fixed length control field | 170517b xxu||||| |||| 00| 0 eng d |
| 020 ## - INTERNATIONAL STANDARD BOOK NUMBER | |
| International Standard Book Number | 9789698535230 |
| 040 ## - CATALOGING SOURCE | |
| Original cataloging agency | DLC |
| Language of cataloging | DLC |
| Transcribing agency | RCMS |
| 082 ## - DEWEY DECIMAL CLASSIFICATION NUMBER | |
| Classification number | 954.9122 NAD |
| 100 ## - MAIN ENTRY--PERSONAL NAME | |
| Personal name | Nadeem Shafiq Malik |
| 9 (RLIN) | 1000 |
| 245 ## - TITLE STATEMENT | |
| Title | A sociolinguistic study of Wakhi language of Northern Pakistan |
| 260 ## - PUBLICATION, DISTRIBUTION, ETC. | |
| Place of publication, distribution, etc. | Islāmābād, Pakistan |
| Name of publisher, distributor, etc. | National University of Sciences and Technology |
| Date of publication, distribution, etc. | c2014. |
| 300 ## - PHYSICAL DESCRIPTION | |
| Extent | x, 222 p. |
| Other physical details | ill; |
| Dimensions | 24 cm. |
| 500 ## - GENERAL NOTE | |
| General note | Includes bibliographical references (pages 207-222). |
| 538 ## - SYSTEM DETAILS NOTE | |
| Display text | Shelf , New Arrivals. Row # 3. |
| 650 ## - SUBJECT ADDED ENTRY--TOPICAL TERM | |
| Topical term or geographic name entry element | 1. Wakhi language--Pakistan--Gilgit-Baltistān. 2. Wakhi language--Social aspects--Pakistan--Gilgit-Baltistān. 3. Sociolinguistics--Pakistan--Gilgit-Baltistān. |
| 9 (RLIN) | 1001 |
| 856 ## - ELECTRONIC LOCATION AND ACCESS | |
| Materials specified | Table of Contents Only. |
| 942 ## - ADDED ENTRY ELEMENTS (KOHA) | |
| Koha item type | Book |
| Source of classification or shelving scheme | |
| Withdrawn status | Lost status | Source of classification or shelving scheme | Damaged status | Not for loan | Permanent Location | Current Location | Shelving location | Date acquired | Total Checkouts | Full call number | Barcode | Date last seen | Price effective from | Koha item type |
|---|---|---|---|---|---|---|---|---|---|---|---|---|---|---|
| School of Interdisciplinary Engineering and Sciences (SINES) | School of Interdisciplinary Engineering and Sciences (SINES) | General Stacks | 06/04/2015 | 954.9122 NAD | RCMS002892 | 06/04/2015 | 06/04/2015 | Book |
